Statistics for Capital Cities Breakdown Puzzle #4

Click here to take the quiz!

General Stats

  • This quiz has been taken 848 times
  • The average score is 20 of 30

Answer Stats

HintAnswer% Correct
UncookedRAW
97%
Use scissorsCUT
93%
Part of the mouthLIP
89%
Owned by usOUR
87%
Fish's breathing organGILL
86%
Gravity discovererNEWTON
85%
Food eaten on the cobCORN
81%
Relaxing resortSPA
81%
Toast spreadJAM
80%
Its symbol is NaSODIUM
79%
WARSAW
78%
Is no longerWAS
78%
Eye coveringLID
73%
Big Mac componentBUN
71%
Gallery hangingART
68%
Female fowlHEN
67%
WELLINGTON
64%
First appearanceDEBUT
60%
Frodo's BFFSAM
60%
Tibetan bovidYAK
59%
DUBLIN
58%
Civil disorderRIOT
56%
MUSCAT
49%
TRIPOLI
46%
Witchy womanHAG
43%
BUDAPEST
42%
MAJURO
42%
CONAKRY
36%
TEHRAN
36%
MOGADISHU
33%

Score Distribution

Percentile by Number Answered

Percent of People with Each Score

Your Score History

You have not taken this quiz